01350cam a2200313Ii 45000010014000000080041000140200048000550200034001030200034001370200030001710200031002010240032002320400012002640410008002760820018002842450064003022460052003662640044004183000040004624900024005025050293005266500018008196500055008377000018008927000019009108300025009298520007009548560075009619781315890241180706s2016 enka ob 001 0 eng d a9781134499472 (e-book: PDF)q(e-book : PDF) a9781134499540q(e-book: ePub) a9781134499618q(e-book: Mobi) z9780415704458q(hardback) z9781138614390q(paperback)7 a10.4324/9781315890241 2doi aKObeng0 aeng04a343.096bR86900aRoutledge handbook of maritime regulation and enforcement /30aHandbook of maritime regulation and enforcement 1aLondon ;aNew York :bRoutledge,c2016. a1 online resource (xxxv, 412 pages)1 aRoutledge handbooks0 apt. A. International law considerations in maritime regulation and enforcement -- pt. B. Role of states and other international actors in maritime regulation and enforcement -- pt. C. Regulation and enforcement in different maritime sectors -- pt. D. Current issues and future challenges. 0aMaritime law. 0aMarine resources developmentxLaw and legislation.1 aKaye, Stuart.1 aWarner, Robin. 0aRoutledge handbooks. aKO40uhttps://www.taylorfrancis.com/books/9781134499472zClick here to view.